000 00285nam a22001337a 4500
008 181207b xxu||||| |||| 00| 0 eng d
020 _a9780801898235
041 _aeng
080 _a531
100 _a43
101 _aFIZ
245 _aFast Car Physics
_cChuck.E
942 _2udc
_cBK
999 _c53093
_d53093